Rozpoznasz influencera po jego zniekształconym zdjęciu? - Statystyki

Ogólne statystyki
  • Ten quiz został rozwiązany 1 272 razy
  • Średni wynik to 10 z 16
Statystyki odpowiedzi
Obrazkowy Odpowiedź % Poprawnych
Young Multi
90%
Friz
87%
Lexy
81%
Marcin Dubiel
78%
Boxdel
76%
Tromba
73%
Bartek Kubicki
72%
Natsu
72%
Murcix
67%
Wersow
63%
Gimper
58%
Fagata
52%
Nitro
52%
Aga Grzelak
44%
Red lipstick monster
33%
Sylwia Przybysz
4%
Nie znaleziono quizów pasujących do podanych kryteriów
Rozkład punktacji
Procent ludzi z każdym wynikiem
Percentyl według liczby udzielonych odpowiedzi
Twoja historia wyników
Nie rozwiązałeś tego quizu